| 000 | 00825nam a2200193 4500 | ||
|---|---|---|---|
| 001 | 5895 | ||
| 005 | 20181127180515.0 | ||
| 110 |
_aRoyal Thimphu College. _b _c _d _e _n _p |
||
| 245 | 0 | 0 |
_a[Royal Thimphu College : _bthe making of the college logo] / _cRoyal Thimphu College. _h |
| 246 |
_aRoyal Thimphu College : _bthe making of the college logo. _f _h _i _n _p |
||
| 260 | 0 | 0 |
_a[Thimphu, Bhutan : _bRTC, _c2009?] |
| 300 | 0 | 0 | _a12 p. : ill. |
| 500 | 0 | 0 | _aA collection of artwork tracing the origin and creation of the RTC logo. |
| 610 |
_aRoyal Thimphu College -- History. _b _c _d _e _f _g _k _l _m _n _o _p _r _s _t _v _x _y _z _2 |
||
| 650 |
_aUniversities and colleges -- Bhutan -- History. _v _x _y _z _2 |
||
| 650 | 0 | 0 |
_aEducation, Higher -- Bhutan -- History. _x |
| 650 | 0 | 0 |
_aLogos (Symbols) -- Bhutan -- History. _x |
| 999 |
_c4979 _d4979 |
||